A causal model of sentence recall : effects of familiarity, concreteness, comprehensibility, and interestingness (Record no. 63779)

MARC details
000 -CABECERA
campo de control de longitud fija 00664nam a2200229 a 4500
005 - FECHA Y HORA DE LA ÚLTIMA TRANSACCIÓN
campo de control 20210219152920.0
008 - ELEMENTOS DE LONGITUD FIJA--INFORMACIÓN GENERAL
campo de control de longitud fija 991125n 000 0 eng u
035 ## - NÚMERO DE CONTROL DEL SISTEMA
Número de control de sistema UPN01000067039
100 ## - ASIENTO PRINCIPAL--NOMBRE PERSONAL
Nombre de persona Sadoski, Mark
222 ## - TÍTULO CLAVE
Título clave JOURNAL OF READING BEHAVIOR
245 ## - MENCIÓN DE TÍTULO
Título A causal model of sentence recall : effects of familiarity, concreteness, comprehensibility, and interestingness
300 ## - DESCRIPCIÓN FÍSICA
Extensión 5-16
362 ## - FECHAS DE PUBLICACIÓN Y/O DESIGNACIÓN SECUENCIAL
Fecha de publicación y/o designación secuencial 1993 25, no. 1
653 0# - TERMINO DE INDIZACION - NO CONTROLADO
Término no controlado COMPRENSION LECTORA
653 0# - TERMINO DE INDIZACION - NO CONTROLADO
Término no controlado MODELOS
653 0# - TERMINO DE INDIZACION - NO CONTROLADO
Término no controlado ORACIONES
653 0# - TERMINO DE INDIZACION - NO CONTROLADO
Término no controlado RECORDAR (PSICOLOGIA)
700 ## - ASIENTO SECUNDARIO--NOMBRE DE PERSONAL
Nombre de persona Goetz, Ernest T.
700 ## - ASIENTO SECUNDARIO--NOMBRE DE PERSONAL
Nombre de persona Fritz, Joyce B.
904 ## - ELEMENTOS DE DATOS D LOCAL, LDD (RLIN)
a AC
b 004850
905 ## - TIPO DE MATERIAL
Tipo de material Articulo

No items available.